| 000 | 00847nam a2200229 a 4500 | ||
|---|---|---|---|
| 999 |
_c6142 _d6142 |
||
| 001 | 6142 | ||
| 003 | BD-JhCC | ||
| 005 | 20180325122206.0 | ||
| 008 | 180101s1965 Mul |||| ||a| 000 0 mul d | ||
| 035 | _a(BD-JhCC)6142 | ||
| 040 |
_aBD-JhCC _dBD-JhCC |
||
| 041 | _amul | ||
| 082 |
_a297.261 _bGAZ 1965 |
||
| 100 | _aগাযযালী, আল | ||
| 245 |
_aতহাফুতুল ফলাসিকা / _cআল-গাযযালী; আবুল কাসিম মুহম্মদ আদমুদ্দীন (অনুবাদ) |
||
| 260 |
_aঢাকা : _bইসলামিক ফাউন্ডেশন, _c১৯৬৫. |
||
| 300 |
_a249 p. : _c21 cm. |
||
| 650 |
_aFaith and reason _xIslam |
||
| 700 | _aআদমুদ্দীন, আবুল কাসিম মুহম্মদ | ||
| 942 |
_2ddc _cBK |
||